| 000 | 00646nam a22002177a 4500 | ||
|---|---|---|---|
| 003 | OSt | ||
| 005 | 20151026133002.0 | ||
| 008 | 130402s2012 sp ||||| |||| 00| 0 cat d | ||
| 020 | _a9788482642765 | ||
| 040 | _cCDMR | ||
| 100 | 1 |
_93056 _aSandiumenge, Lali |
|
| 245 | 1 | 0 |
_aGuerrillers del teclat _b: la revolta dels bloguers àrabs des de dins _cLali Sandiumenge |
| 260 |
_aBarcelona _bLa Magrana _c2012 |
||
| 300 | _a349 p. | ||
| 490 | 0 |
_aOrígens _v176 |
|
| 650 | 0 | 4 |
_93508 _aTecnologia de la informació _xAspectes socials |
| 650 | 0 | 4 |
_93188 _aPremsa digital |
| 650 | 0 | 4 |
_94100 _aPremsa _zEstats àrabs |
| 650 | 0 | 4 |
_93134 _aBlogs |
| 942 |
_2udc _cMON |
||
| 999 |
_c6039 _d6039 |
||